| 000 | 00449nam a2200181Ia 4500 | ||
|---|---|---|---|
| 008 | 210707s1981 xx 000 0 und d | ||
| 041 | _aeng | ||
| 082 | _a546 SONT | ||
| 100 | _aSONI (P L) | ||
| 245 | _aText book of inorganic chemistry.Ed 13. | ||
| 250 | _a13 | ||
| 260 |
_aN D _bSultan Chand & Sons _c1981 |
||
| 300 | _axviii,2.917 p | ||
| 365 |
_b40 _cINR |
||
| 563 | _aPB | ||
| 650 | _aInorganic Chemistry | ||
| 906 | _aInorganic Chemistry | ||
| 999 |
_c180082 _d180082 |
||